LEADER 04907nam 22009735 450 001 9910779284203321 005 20231006165104.0 010 $a1-280-49188-4 010 $a9786613587114 010 $a0-520-95135-2 024 7 $a10.1525/9780520951358 035 $a(CKB)2550000000101579 035 $a(EBL)919525 035 $a(OCoLC)794328504 035 $a(SSID)ssj0000678063 035 $a(PQKBManifestationID)11930412 035 $a(PQKBTitleCode)TC0000678063 035 $a(PQKBWorkID)10697026 035 $a(PQKB)10935779 035 $a(StDuBDS)EDZ0000092614 035 $a(DE-B1597)518698 035 $a(DE-B1597)9780520951358 035 $a(MiAaPQ)EBC919525 035 $a(EXLCZ)992550000000101579 100 $a20200424h20122012 fg 101 0 $aeng 135 $aur|n|---||||| 181 $ctxt$2rdacontent 182 $cc$2rdamedia 183 $acr$2rdacarrier 200 00$aJazz/Not Jazz $eThe Music and Its Boundaries /$fDavid Ake, Charles Hiroshi Garrett, Daniel Ira Goldmark 210 1$aBerkeley, California :$cUniversity of California Press,$d[2012] 210 4$dİ2012 215 $a1 online resource (312 pages) 300 $aDescription based upon print version of record. 311 $a0-520-27103-3 320 $aIncludes bibliographical references and index. 327 $tFrontmatter --$tContents --$tList of Illustrations --$tAcknowledgments --$tIntroduction --$t1. Incorporation and Distinction in Jazz History and Jazz Historiography --$t2. Louis Armstrong Loves Guy Lombardo --$t3. The Humor of Jazz --$t4. Creating Boundaries in the Virtual Jazz Community --$t5. Latin Jazz, Afro- Latin Jazz, Afro- Cuban Jazz, Cubop, Ca rib be an Jazz, Jazz Latin, or Just . . . Jazz: The Politics of Locating an Intercultural Music --$t6. Jazz with Strings: Between Jazz and the Great American Songbook --$t7. "Slightly Left of Center": Atlantic Rec ords and the Problems of Genre --$t8. The Praxis of Composition- Improvisation and the Poetics of Creative Kinship --$t9. The Sound of Struggle: Black Revolutionary Nationalism and Asian American Jazz --$t10. Voices from the Jazz Wilderness: Locating Pacific Northwest Vocal Ensembles within Jazz Education --$t11. Crossing the Street: Rethinking Jazz Education --$t12. Deconstructing the Jazz Tradition: The "Subjectless Subject" of New Jazz Studies --$tContributors --$tIndex 330 $aWhat is jazz? What is gained-and what is lost-when various communities close ranks around a particular definition of this quintessentially American music? Jazz/Not Jazz explores some of the musicians, concepts, places, and practices which, while deeply connected to established jazz institutions and aesthetics, have rarely appeared in traditional histories of the form. David Ake, Charles Hiroshi Garrett, and Daniel Goldmark have assembled a stellar group of writers to look beyond the canon of acknowledged jazz greats and address some of the big questions facing jazz today. More than just a history of jazz and its performers, this collections seeks out those people and pieces missing from the established narratives to explore what they can tell us about the way jazz has been defined and its history has been told. 606 $aJazz - History and criticism 606 $aJazz -- History and criticism 606 $aJazz$xHistory and criticism 610 $a20th century america. 610 $a20th century music. 610 $aafrican american history. 610 $aafrican american jazz. 610 $aafro-latin jazz. 610 $aamerican music history. 610 $aamerican music. 610 $aasian american jazz. 610 $ablack music. 610 $abooks for music lovers. 610 $acaribbean jazz. 610 $aevolution of jazz. 610 $ahistory of jazz. 610 $ahistory of music. 610 $aintercultural music. 610 $ajazz and blues. 610 $ajazz icons. 610 $ajazz literature. 610 $ajazz lovers. 610 $ajazz music. 610 $ajazz performers. 610 $ajazz studies. 610 $ajazz tradition. 610 $alatin jazz. 610 $alouis armstrong. 610 $amusic and culture. 610 $amusic history majors. 610 $amusic studies. 610 $amusicians. 615 4$aJazz - History and criticism. 615 4$aJazz -- History and criticism. 615 0$aJazz$xHistory and criticism 676 $a781.65 702 $aAke$b David Andrew$f1961-$4edt$4http://id.loc.gov/vocabulary/relators/edt 702 $aGarrett$b Charles Hiroshi$f1966-$4edt$4http://id.loc.gov/vocabulary/relators/edt 702 $aGoldmark$b Daniel$4edt$4http://id.loc.gov/vocabulary/relators/edt 801 0$bDE-B1597 801 1$bDE-B1597 906 $aBOOK 912 $a9910779284203321 996 $aJazz$9308485 997 $aUNINA LEADER 09683nam 2201969Ia 450 001 9910789921303321 005 20230126205115.0 010 $a1-280-49433-6 010 $a9786613589569 010 $a1-4008-4191-7 024 7 $a10.1515/9781400841912 035 $a(CKB)2670000000174936 035 $a(EBL)889039 035 $a(OCoLC)845244261 035 $a(SSID)ssj0000681909 035 $a(PQKBManifestationID)11447394 035 $a(PQKBTitleCode)TC0000681909 035 $a(PQKBWorkID)10663677 035 $a(PQKB)10585924 035 $a(MiAaPQ)EBC889039 035 $a(StDuBDS)EDZ0000406895 035 $a(OCoLC)787867385 035 $a(MdBmJHUP)muse43341 035 $a(DE-B1597)453806 035 $a(OCoLC)979629533 035 $a(DE-B1597)9781400841912 035 $a(Au-PeEL)EBL889039 035 $a(CaPaEBR)ebr10554429 035 $a(CaONFJC)MIL358956 035 $a(EXLCZ)992670000000174936 100 $a20120201d2012 uy 0 101 0 $aeng 135 $aur|n|---||||| 181 $ctxt 182 $cc 183 $acr 200 14$aThe unheavenly chorus$b[electronic resource] $eunequal political voice and the broken promise of American democracy /$fKay Lehman Schlozman, Sidney Verba, Henry E. Brady 205 $aCourse Book 210 $aPrinceton ;$aOxford $cPrinceton University Press$dc2012 215 $a1 online resource (726 p.) 300 $aDescription based upon print version of record. 311 $a0-691-15986-6 311 $a0-691-15484-8 320 $aIncludes bibliographical references and index. 327 $tFrontmatter --$tContents --$tList of Figures --$tList of Tables --$tPreface --$tAcknowledgments --$t1. Introduction: Democracy and Political Voice --$tPart I. Th inking about Inequality and Political Voice --$t2. The (Ambivalent) Tradition of Equality in America --$t3. The Context: Growing Economic Inequality and Weakening Unions --$t4. Equal Voice and the Dilemmas of Democracy --$t5. Does Unequal Political Voice Matter? --$t6. The Persistence of Unequal Voice --$t7. Unequal at the Starting Line: The Intergenerational Persistence of Political Inequality --$t8. Political Participation over the Life Cycle --$t9. Political Activism and Electoral Democracy: Perspectives on Economic Inequality and Political Polarization --$tPart III. Inequality of Political Voice and Organized Interest Activity --$t10. Political Voice through Organized Interests: Introductory Matters --$t11. Who Sings in the Heavenly Chorus? The Shape of the Organized Interest System --$t12. The Changing Pressure Community --$t13. Beyond Organizational Categories --$t14. Political Voice through Organized Interest Activity --$tPart IV. Can We Change the Accent of the Unheavenly Chorus? --$t15. Breaking the Pattern through Political Recruitment --$t16. Weapon of the Strong? Participatory Inequality and the Internet --$t17. What, if Anything, Is to Be Done? --$t18. Conclusion: Equal Voice and the Promise of American Democracy --$tAppendixes --$tAppendix A: Equality and the State and U.S. Constitutions --$tAppendix B: The Persistence of Political and Nonpolitical Activity --$tAppendix C: The Intergenerational Transmission of Political Participation --$tAppendix D: Age, Period, and Cohort Effects --$tAppendix E: The Washington Representatives Database --$tAppendix F: Additional Tables --$tAppendix G: Do Online and Offline Political Activists Differ from One Another? --$tIndex 330 $aPolitically active individuals and organizations make huge investments of time, energy, and money to influence everything from election outcomes to congressional subcommittee hearings to local school politics, while other groups and individual citizens seem woefully underrepresented in our political system. The Unheavenly Chorus is the most comprehensive and systematic examination of political voice in America ever undertaken--and its findings are sobering. The Unheavenly Chorus is the first book to look at the political participation of individual citizens alongside the political advocacy of thousands of organized interests--membership associations such as unions, professional associations, trade associations, and citizens groups, as well as organizations like corporations, hospitals, and universities. Drawing on numerous in-depth surveys of members of the public as well as the largest database of interest organizations ever created--representing more than thirty-five thousand organizations over a twenty-five-year period--this book conclusively demonstrates that American democracy is marred by deeply ingrained and persistent class-based political inequality. The well educated and affluent are active in many ways to make their voices heard, while the less advantaged are not. This book reveals how the political voices of organized interests are even less representative than those of individuals, how political advantage is handed down across generations, how recruitment to political activity perpetuates and exaggerates existing biases, how political voice on the Internet replicates these inequalities--and more. In a true democracy, the preferences and needs of all citizens deserve equal consideration. Yet equal consideration is only possible with equal citizen voice. The Unheavenly Chorus reveals how far we really are from the democratic ideal and how hard it would be to attain it. 606 $aPolitical participation$zUnited States 606 $aEquality$zUnited States 606 $aPressure groups$zUnited States 606 $aDemocracy$zUnited States 610 $aANES panel studies. 610 $aAmerica. 610 $aAmerican civic culture. 610 $aAmerican democracy. 610 $aInternet. 610 $aSupreme Court decisions. 610 $aWashington pressure community. 610 $aWashington representation. 610 $aadvantaged. 610 $aage groups. 610 $aage. 610 $abusiness interests. 610 $aclass bias. 610 $aclass differences. 610 $aclass inequalities. 610 $aclass inequality. 610 $acohort effects. 610 $acreative participation. 610 $ademocracy. 610 $ademocratic dilemma. 610 $ademocratic governance. 610 $adifferential voice. 610 $adisadvantaged. 610 $aeconomic inequality. 610 $aeconomic interests. 610 $aeducated parents. 610 $aeducational attainment. 610 $aegalitarians. 610 $aelections. 610 $aelectoral democracy. 610 $aempirical analysis. 610 $aequal consideration. 610 $aequal political voice. 610 $aequal voice. 610 $aequality. 610 $afamily background. 610 $afederal constitution. 610 $afree rider problem. 610 $ahome politics. 610 $ainequalities. 610 $alife-cycle effects. 610 $amaterial well-being. 610 $amedian voter model. 610 $anational politics. 610 $anonvoters. 610 $aorganizational activity. 610 $aorganized interest activity. 610 $aorganized interest influence. 610 $aorganized interest politics. 610 $aorganized interest representation. 610 $aorganized interest system. 610 $aorganized interests. 610 $aorganized representation. 610 $aparental education. 610 $aparticipatory advantage. 610 $aparticipatory inequalities. 610 $aparticipatory patterns. 610 $apolicy benefits. 610 $apolitical activism. 610 $apolitical activity. 610 $apolitical advantage. 610 $apolitical conflict. 610 $apolitical division. 610 $apolitical inactivity. 610 $apolitical inequality. 610 $apolitical involvement. 610 $apolitical organizations. 610 $apolitical outcomes. 610 $apolitical participation. 610 $apolitical polarization. 610 $apolitical processes. 610 $apolitical recruitment. 610 $apolitical voice. 610 $apressure community. 610 $apressure politics. 610 $apressure system. 610 $apublic officials. 610 $apublic opinion. 610 $apublic policy. 610 $arational prospecting. 610 $aresource constraint. 610 $aresource constraints. 610 $aresource deprived. 610 $aresource disadvantaged. 610 $asocial class. 610 $asocial processes. 610 $asocio-economic status. 610 $asocio-economic stratification. 610 $astate constitutions. 610 $astrategic considerations. 610 $asurvey data. 610 $asurveys. 610 $asystematic empirical data. 610 $atrade-offs. 610 $aunequal political voice. 610 $aunion membership. 610 $avoluntary associations. 610 $avoters. 610 $avoting power. 610 $avoting strength. 610 $avoting. 610 $awebsites. 615 0$aPolitical participation 615 0$aEquality 615 0$aPressure groups 615 0$aDemocracy 676 $a323/.0420973 700 $aSchlozman$b Kay Lehman$f1946-$01511689 701 $aVerba$b Sidney$0119953 701 $aBrady$b Henry E$01473408 801 0$bMiAaPQ 801 1$bMiAaPQ 801 2$bMiAaPQ 906 $aBOOK 912 $a9910789921303321 996 $aThe unheavenly chorus$93824083 997 $aUNINA LEADER 01326nam0 22003131i 450 001 UON00072605 005 20231205102356.729 010 $a88-7545-456-6 100 $a20020107d1991 |0itac50 ba 101 $aita 102 $aIT 105 $a|||| ||||| 200 1 $aPellegrinaggi$eI luoghi delle grandi religioni$fRichard Barber$gtraduzione a cura di Massimo Ortelio 205 $aGenova : ECIG$b1991 210 $a195 p.$cill. ; 21 cm 215 $aTit. orig.$cPilgrimages 410 1$1001UON00066377$12001 $aNuova Atlantide$fDiretta da Paolo Aldo Rossi 500 1$3UON00359300$aPilgrimages$918727 606 $aPELLEGRINAGGI$3UONC021763$2FI 620 $aIT$dGenova$3UONL000144 676 $a291.446$cPELLEGRINAGGI$v21 700 1$aBARBER$bRichard$3UONV047644$0165566 712 $aEdizioni Culturali Internazionali Genova (=ECIG)$3UONV247497$4650 801 $aIT$bSOL$c20240220$gRICA 912 $aUON00072605 950 $aSIBA - SISTEMA BIBLIOTECARIO DI ATENEO$dSI FS 06433 $eSI FP 11646 5 950 $aSIBA - SISTEMA BIBLIOTECARIO DI ATENEO$dSI VO Afr VII 056 $eSI AA 15464 5 056 996 $aPilgrimages$918727 997 $aUNIOR